Most Streamed Songs on Spotify - Statistics

General Stats
  • This quiz has been taken 464 times
    22 since last reset
  • The average score is 50 of 100
Answer Stats
# Artist Song % Correct
2 Ed Sheeran Shape of You
100%
1 The Weeknd Blinding Lights
93%
24 Tones And I Dance Monkey
87%
12 Glass Animals Heat Waves
87%
7 Post Malone and Swae Lee Sunflower
87%
11 Imagine Dragons Believer
80%
4 The Weeknd featuring Daft Punk Starboy
80%
17 The Chainsmokers featuring Halsey Closer
73%
21 Lady Gaga and Bruno Mars Die with a Smile
73%
9 Ed Sheeran Perfect
73%
31 Shawn Mendes and Camila Cabello Señorita
73%
5 Harry Styles As It Was
67%
97 Michael Jackson Billie Jean
67%
44 Queen Bohemian Rhapsody
67%
32 Macklemore & Ryan Lewis featuring Ray Dalton Can't Hold Us
67%
26 OneRepublic Counting Stars
67%
62 Sabrina Carpenter Espresso
67%
8 Drake featuring Wizkid and Kyla One Dance
67%
29 Post Malone featuring 21 Savage rockstar
67%
6 Lewis Capaldi Someone You Loved
67%
10 The Kid LAROI and Justin Bieber STAY
67%
25 Hozier Take Me To Church
67%
15 Coldplay Yellow
67%
52 John Legend All of Me
60%
63 Billie Eilish bad guy
60%
27 The Police Every Breath You Take
60%
46 Travis Scott featuring Kendrick Lamar goosebumps
60%
64 Kendrick Lamar HUMBLE.
60%
45 Juice WRLD Lucid Dreams
60%
89 Calvin Harris and Dua Lipa One Kiss
60%
67 Tyler, the Creator featuring Kali Uchis See You Again
60%
57 Twenty One Pilots Stressed Out
60%
3 The Neighbourhood Sweater Weather
60%
96 Mark Ronson featuring Bruno Mars Uptown Funk
60%
50 Avicii Wake Me Up
60%
35 Harry Styles Watermelon Sugar
60%
61 Kendrick Lamar and SZA All the Stars
53%
53 Drake God's Plan
53%
81 SZA Kill Bill
53%
13 Billie Eilish and Khalid lovely
53%
51 Lady Gaga and Bradley Cooper Shallow
53%
20 The Chainsmokers and Coldplay Something Just Like This
53%
73 Justin Bieber Sorry
53%
58 Imagine Dragons Thunder
53%
33 Coldplay Viva La Vida
53%
82 Arctic Monkeys 505
47%
66 Benson Boone Beautiful Things
47%
41 Post Malone Circles
47%
74 Radiohead Creep
47%
80 Journey Don't Stop Believin'
47%
77 Olivia Rodrigo drivers license
47%
98 Marshmello featuring Bastille Happier
47%
47 Linkin Park In the End
47%
34 The Goo Goo Dolls Iris
47%
14 Arctic Monkeys I Wanna Be Yours
47%
37 Bruno Mars Just the Way You Are
47%
92 Major Lazer and DJ Snake featuring MØ Lean On
47%
69 Eminem Lose Yourself
47%
19 Vance Joy Riptide
47%
99 Adele Someone Like You
47%
85 a-ha Take On Me
47%
75 Shawn Mendes Treat You Better
47%
70 French Montana featuring Swae Lee Unforgettable
47%
84 Oasis Wonderwall
47%
78 Ariana Grande 7 Rings
40%
23 Tom Odell Another Love
40%
30 Taylor Swift Cruel Summer
40%
60 Arctic Monkeys Do I Wanna Know?
40%
72 Miley Cyrus Flowers
40%
79 Passenger Let Her Go
40%
43 The Killers Mr. Brightside
40%
65 J. Cole No Role Modelz
40%
100 Travis Scott SICKO MODE
40%
71 Nirvana Smells Like Teen Spirit
40%
55 The Weeknd The Hills
40%
18 Billie Eilish BIRDS OF A FEATHER
33%
88 Elton John and Dua Lipa Cold Heart (Pnau Remix)
33%
36 The Weeknd Die For You
33%
38 Dua Lipa Don't Start Now
33%
94 Queen Don't Stop Me Now
33%
91 Fleetwood Mac Dreams
33%
95 Olivia Rodrigo good 4 u
33%
59 DJ Snake featuring Justin Bieber Let Me Love You
33%
86 Linkin Park Numb
33%
87 The Weeknd Save Your Tears
33%
68 Jung Kook featuring Latto Seven
33%
90 Guns N' Roses Sweet Child O' Mine
33%
40 Bruno Mars That's What I Like
33%
16 Lord Huron The Night We Met
33%
54 Eminem Without Me
33%
56 Imagine Dragons Demons
27%
42 Justin Bieber Love Yourself
27%
93 Maroon 5 featuring Wiz Khalifa Payphone
27%
28 Ed Sheeran Photograph
27%
22 James Arthur Say You Won't Let Go
27%
76 Coldplay The Scientist
27%
49 Ed Sheeran Thinking Out Loud
27%
48 Bruno Mars When I Was Your Man
27%
39 Bruno Mars Locked Out of Heaven
20%
83 Shawn Mendes There's Nothing Holdin' Me Back
20%
No matching quizzes found
Score Distribution
Percent of People with Each Score
Percentile by Number Answered
Your Score History
You have not taken this quiz since the last reset